| 000 | 00857nam a2200253 i 4500 | ||
|---|---|---|---|
| 001 | 97667 | ||
| 003 | ES-MaACL | ||
| 005 | 20250804062739.0 | ||
| 007 | t| | ||
| 008 | 050715s1958 sp ||||1| spa d | ||
| 100 | 1 |
_aMarías, Julián, _d1914-2005 _976688 |
|
| 245 | 1 | 0 |
_aIntroducción a la filosofía ; _bIdea de la metafísica ; Biografía de la filosofía / _cJulián Marías. |
| 246 | 3 | _aIdea de la metafísica | |
| 246 | 3 | _aBiografía de la filosofía | |
| 260 |
_aMadrid : _bRevista de Occidente, _c1958. |
||
| 300 |
_aXXIII, 623 p. ; _c22 cm. |
||
| 490 | 1 |
_aObras de Julián Marías ; _v2 |
|
| 650 | 0 | 7 |
_aFilosofía _2embne _912802 |
| 650 | 7 |
_aMetafísica _2embne _915012 |
|
| 650 | 4 |
_aFilosofía- _vHistoria. _9158248 |
|
| 830 | 1 |
_aObras de Julián Marías ; _v2 _9184442 |
|
| 852 |
_aES-MaACL _jL-1988 |
||
| 999 |
_c97667 _d97667 |
||